000 00295nam a22001337a 4500
020 _a0-7513-6901-2
082 _a030
_bDOR/E
100 _aDORLING KINDERSLEY
245 _aTHE EARTH
260 _aLONDON
_bDK LIMITED
_c1993
300 _a49
650 _aENCYCLOPEDIA
_zUNITED KINGDOM
942 _cBK
999 _c2316
_d2316